Protección contra la violencia familiar /
Guardado en:
| Autor Principal: | |
|---|---|
| Otros Autores: | |
| Formato: | Desconocido |
| Idioma: | Spanish |
| Publicado: |
Buenos Aires,
Hammurabi
2010 :
|
| Edición: | 1a. ed. |
| Series: | Colección instituciones del derecho de familia y sucesiones ;
4 |
| Materias: | |
| Etiquetas: |
Agregar Etiqueta
Sin Etiquetas, Sea el primero en etiquetar este registro!
|
| LEADER | 00971nac a22001935a 4500 | ||
|---|---|---|---|
| 001 | DER.der012307 | ||
| 008 | 180615s2010####ag#||||||||||||||#||spa|| | ||
| 005 | 20251201103805.0 | ||
| 245 | 1 | 0 | |a Protección contra la violencia familiar / |c Silvia S. García de Ghiglino y María Alejandra Acquaviva. |
| 250 | |a 1a. ed. | ||
| 260 | |a Buenos Aires, |c 2010 : |b Hammurabi | ||
| 300 | |a 497 p. | ||
| 490 | 1 | |a Colección instituciones del derecho de familia y sucesiones ; |v 4 | |
| 505 | 0 | |a Denuncia. Personas obligadas y plazo para denunciar. Evaluación del riesgo. Medidas cautelares. Audiencia. Fin del proceso. Ley 24.417: cotejo con la ley de la provincia de Buenos Aires ; modificaciones introducidas por las leyes de Protección Integral de la Mujer y de la Niñez. Jurisprudencia ordenada | |
| 020 | |a 9789507415210 | ||
| 100 | 1 | |a García de Ghiglino, Silvia S. | |
| 700 | 1 | |a Acquaviva, María Alejandra | |
| 650 | 7 | |a DERECHO DE FAMILIA | |
| 859 | |a DERECHO |b BIB. DERECHO |h 346.015 |i GAR |p 007097 | ||
